000 01379nam a2200361 c 4500
003 BLK
005 20180422115034.0
008 180411b bul|||||r ||||||| ||bul||
010 _aKNG00188610000
040 _aBLK
041 _aBUL
_cBUL
080 _aФизикални средства. Лечение с природни средства
_b615.83
_x
_z615.83
100 1 _aИлиев, Цветан Стоянов
_eпърви автор
_9383659
139 _aИлиев, Цветан Стоянов
_bИ 52
245 1 0 _aПампорово
_cЦветан Стоянов Илиев.
250 _a3. осн. прераб. изд.
257 _aBGR
260 София
_bМедицина и физкултура
_c1984
_fПловдив : Д. Благоев
300 _a64 с.
_bс ил.
_c17 см
380 _a91
490 1 _aНаши курорти
500 _a1. изд. 1962 със загл. Курорт Васил Коларов Пампорово. - 12 105 тир.
650 4 _aКурорти - България
_9319021
650 4 _aПампорово
_9179333
651 4 _aПампорово
_9179333
653 _aПампорово
653 _aкурорти
852 _aЦб І 21443
856 4 _qpdf
_u
856 4 _qpdf
_u
942 _cKNG
_n0
944 _aCR
_c22.06.2016
_lф /
_kВиолета_Тройчева
944 _aED
_c01.09.2016
_lф /
_kЛюдмила_Стоянова
999 _c179805
_d179805